000 00320nam a22001457a 4500
008 210308b ||||| |||| 00| 0 eng d
020 _a1269358057
041 _aeng
080 _a338
082 _a338
100 _a53
101 _aMEN
245 _aPrinciples of Operations Management
_cHeizer,J
942 _2udc
_cBK
999 _c55992
_d55992